banner-ar

الديانة الفرعونية: افكار المصريين عن الحياة الاخرى / (Record no. 43730)

MARC details
000 -الفاتح
حقل البيانات ثابتة الطول 00708nam a2200205Ia 4500
005 - وقت وتاريخ اخر تعامل مع التسجيلة
رقم الضبط 20240530103946.0
008 - عناصر البيانات ثابتة الطول - معلومات عامة
حقل البيانات ثابتة الطول 140319s9999 xx 000 0 ara d
040 ## - مصدر الفهرسة
وكالة الفهرسة الأصلية GCL /
وكالة النسخ GCL
082 04 - رقم تصنيف ديوى العشرى
رقم التصنيف 299.31
رقم المادة ق/ب د
100 1# - المدخل الرئيسى - إسم شخصى
الإسم الشخصى بدج، واليس
245 10 - بيان العنوان
العنوان الديانة الفرعونية: افكار المصريين عن الحياة الاخرى /
بيان المسئوليه,etc بدج، واليس ، ترجمة نهاد خياطة
250 ## - بيان الطبعة
بيان الطبعة ط2
260 ## - PUBLICATION, DISTRIBUTION, ETC. (IMPRINT)
تاريخ النشر أو التوزيع 1993
300 ## - الوصف المادى
التعداد 206 ص ؛
أبعاد الوعاء 19 سم
650 04 - المدخل الاضافى بالموضوع-مصطلح موضوعى
مصطلح موضوعي الحضارة الفرعونية
650 04 - المدخل الاضافى بالموضوع-مصطلح موضوعى
مصطلح موضوعي الديانات القديمة
700 1# - المدخل الاضافى - اسم شخصى
الإسم الشخصى نهاد خياطة
الدور مترجم
942 ## - عناصر المدخل الإضافي( كوها)
مصدر التصنيف او مخطط الترفيف Dewey Decimal Classification
Koha [default] item type كتاب
260 ## - PUBLICATION, DISTRIBUTION, ETC. (IMPRINT)
-- دمشق :
-- دار علاء الدين ،
Holdings
حالة التراجع حالة الفقد حالة تلف ليس للاعارة المكان المؤقت الموقع الحالى تاريخ الاكتساب اجمالي اﻻعارات رقم الطلب الباركود تاريخ اخر مشاهدة تاريخ تفعيل السعر نوع وعاء كوها
        مكتبة القاهرة الكبرى مكتبة القاهرة الكبرى 03/26/2014   299.31 ق/ب د 105969 03/26/2014 03/26/2014 كتاب
        مكتبة القاهرة الكبرى مكتبة القاهرة الكبرى 03/26/2014   299.31 ق/ب د 105970 03/26/2014 03/26/2014 كتاب
        مكتبة القاهرة الكبرى مكتبة القاهرة الكبرى 03/26/2014   299.31 ق/ب د 105971 03/26/2014 03/26/2014 كتاب
        مكتبة القاهرة الكبرى مكتبة القاهرة الكبرى 03/26/2014   299.31 ق/ب د 105972 03/26/2014 03/26/2014 كتاب

Powered By

EGPV